|
|
|
|
| LEADER |
00000naa2a2200000 4500 |
| 001 |
254087 |
| 005 |
20231031214711.0 |
| 035 |
|
|
|a (RuTPU)RU\TPU\book\276510
|
| 035 |
|
|
|a RU\TPU\book\276509
|
| 090 |
|
|
|a 254087
|
| 100 |
|
|
|a 20140318d1973 k y0rusy50 ca
|
| 101 |
0 |
|
|a rus
|
| 102 |
|
|
|a RU
|
| 200 |
1 |
|
|a Нормализатор сигналов датчиков автоматизированной системы управления синхротрона "Сириус"
|f В. П. Анохин [и др.]
|
| 320 |
|
|
|a Библиогр.: с. 75 (4 назв.)
|
| 463 |
|
0 |
|0 (RuTPU)RU\TPU\book\272302
|t Ускорители заряженных частиц
|o сборник статей
|f Томский политехнический институт (ТПИ), Научно-исследовательский институт ядерной физики, электроники и автоматики (НИИ ЯФЭА) ; под ред. А. Н. Диденко
|v С. 72-75
|d 1973
|p 91 с.
|s Труды научно-исследовательского института ядерной физики электроники и автоматики при ТПИ ; Вып. 3
|
| 610 |
1 |
|
|a труды учёных ТПУ
|
| 701 |
|
1 |
|a Анохин
|b В. П.
|
| 701 |
|
1 |
|a Гостев
|b Б. М.
|
| 701 |
|
1 |
|a Кочегуров
|b В. А.
|c математик
|c профессор Томского политехнического университета
|f 1931-
|g Владимир Александрович
|2 stltpush
|3 (RuTPU)RU\TPU\pers\13833
|
| 701 |
|
1 |
|a Хлоповских
|b В. М.
|
| 801 |
|
1 |
|a RU
|b 63413507
|c 20060607
|g PSBO
|
| 801 |
|
2 |
|a RU
|b 63413507
|c 20140318
|g RCR
|
| 942 |
|
|
|c BK
|